000 00290nam a22001337a 4500
008 180919b xxu||||| |||| 00| 0 eng d
020 _a9780131850491
041 _aeng
080 _a159.9
100 _a49
101 _aPSI
245 _aCriminal Behavior
_cBartol, C.A
942 _2udc
_cBK
999 _c48085
_d48085